Astérix et Obélix QUIZZ - Statistiques

Statistiques générales
  • Ce quiz a été pris 285 fois
  • Le résultat moyen est 10 sur 15
Statistiques - réponses
Question Réponse % Correct
Quel est le nom du barde du village, souvent maltraité par les autres Gaulois ? Assurancetourix
97%
Quel est le nom complet du poissonnier du village gaulois ? Ordralfabétix
96%
Comment s’appelle l’architecte qui travaille pour Jules César dans Astérix et Cléopâtre ? Numérobis
90%
Quelle est la seule divinité gauloise invoquée explicitement dans les albums d’Astérix ? Toutatis
89%
Dans quel album Astérix rencontre-t-il Cléopâtre ? Astérix et Cléopâtre
87%
Dans Astérix chez les Bretons, comment se nomme le cousin d'Astérix ? Jolitorax
80%
Quel est le lien de parenté entre Abraracourcix et Goudurix dans Astérix et les Normands ? Son neveu
77%
Dans quel album les Gaulois se rendent-ils en Corse ? Astérix en Corse
75%
Quel est le nom du devin qui trompe les villageois dans l’album Le Devin ? Prolix
71%
Dans l’album Astérix en Hispanie, comment se nomme le petit garçon que les Gaulois doivent ramener dans son pays ? Pepe
68%
Dans Le Fils d’Astérix, qui est supposé être le père de l'enfant abandonné découvert par Astérix et Obélix ? Jules César
65%
Dans Astérix et le Chaudron, combien d'argent Astérix doit-il collecter après la trahison de Moralélastix ? 15 000 sesterces
28%
Quel est le titre original d’Astérix aux Jeux Olympiques en latin, qui apparaît dans l’album ? Ludi Olympici
21%
Dans l’album Le Domaine des dieux, quel est le nom de l'architecte chargé de construire une ville romaine à côté du village gaulois ? Quadratus
16%
Dans Le Tour de Gaule, quel mets célèbre Astérix ramène-t-il de Nicae (Nice) ? Du poisson salé
7%
Aucun quiz correspondant
Distribution des résultats
% des personnes avec chaque résultat
Percentile par nombre de réponses
Votre historique - résultats
Vous n’avez pas pris ce quiz